Coloquio de los siete sabios sobre arcanos relativos a cuestiones últimas. (Colloquium Heptaplomeres).
Wedi'i Gadw mewn:
| Prif Awdur: | |
|---|---|
| Awduron Eraill: | , , |
| Fformat: | Llyfr |
| Iaith: | Sbaeneg |
| Cyhoeddwyd: |
Madrid, España:
Centro de Estudios Políticos y Constitucionales,
1998.
|
| Cyfres: | Colección Clásicos Políticos.
|
| Pynciau: | |
| Tagiau: |
Ychwanegu Tag
Dim Tagiau, Byddwch y cyntaf i dagio'r cofnod hwn!
|
MARC
| LEADER | 00000nam a2200000 a 4500 | ||
|---|---|---|---|
| 001 | UCP5073 | ||
| 003 | CL-VaPUC | ||
| 005 | 20220822114341.0 | ||
| 008 | 990827e19980000SP |||||||||||||||||spa|d | ||
| 999 | |c 282899 |d 282897 | ||
| 020 | |a 84-259-1071-4 | ||
| 040 | |c Pontificia Universidad Católica de Valparaíso | ||
| 082 | 0 | 4 | |a 320.01 BOD 1998 |2 21 |
| 100 | 0 | |a Bodino, J |e autor |9 433194 | |
| 245 | 1 | 0 | |a Coloquio de los siete sabios sobre arcanos relativos a cuestiones últimas. |b (Colloquium Heptaplomeres). |
| 260 | |a Madrid, España: |b Centro de Estudios Políticos y Constitucionales, |c 1998. | ||
| 300 | |a XXVIII, 386 páginas. | ||
| 490 | 0 | |a Colección Clásicos Políticos. | |
| 500 | |a c.2 Donación Familia Prof. Alejandro Guzmán Brito. | ||
| 583 | |a last modification |c 19990827 00:00:00 |k Rodrigo Vera | ||
| 650 | 0 | |a Ciencia política |9 324218 | |
| 650 | 0 | |a Filosofía |9 223554 | |
| 650 | 0 | |a Historia |9 255047 | |
| 650 | 0 | |a Religión |9 255164 | |
| 650 | 0 | |a Política |9 255312 | |
| 700 | |a Mariño, Primitivo |9 866092 |e traducción del latín | ||
| 700 | |a Salas, Jaime de |9 429379 |e introducción | ||
| 700 | |a Truyol Serra, Antonio |e noticia de Primitivo Mariño |9 866174 | ||
| 942 | |c BK |2 ddc |n 0 | ||
| 945 | |d 19990827 00:00:00 |a vberengu | ||
| 952 | |0 0 |1 0 |4 0 |6 320_010000000000000_BOD_1998 |7 0 |8 DER_TF |9 325496 |a BIBDER |b BIBDER |d 2019-11-20 |i 3549690 |l 1 |o 320.01 BOD 1998 |p 3549690 |r 2023-01-25 |s 2020-03-17 |w 2019-11-20 |x Ubicación 4to Piso |y BK |z Estos recursos deben solicitarse con anticipación |k DER | ||